Cómo hacer una tesis de derecho y no envejecer en el intento (Registro nro. 13367)

Detalles MARC
000 -Cabecera
Campo de control interno 00469nam a2200181Ia 4500
005 - Fecha y hora del registro
control field 20260306164756.0
008 - Elementos de Longitud Fija
fixed length control field 260306t2018||||xx |||||||||||||| ||spa||
041 ## - Idioma
Codigo Idioma ESP
082 ## - DEWEY y NOTACIÓN INTERNA
Dewey 001.4234
Notación Interna R24 2018
100 ## - AUTOR
Autor denominación Ramos Núñez, Carlos,
Término de relación autor
245 #0 - TÍTULO DE MATERIAL BIBLIOGRÁFICO
Título Cómo hacer una tesis de derecho y no envejecer en el intento
260 ## - CIUDAD, EDITORIAL, AÑO
Año 2018
300 ## - DESCRIPCIÓN
N° Páginas 492 páginas :
Dimensiones 24 cm.
650 ## - TEMAS
Temas Generalidades
654 ## - PROGRAMAS
Programa Dpto. de Derecho y Ciencia Política
942 ## - ELEMENTOS DE KOHA
Tipo de documento Libro
Nombre del creador Justo Noguera
Código de catalogador Justo Noguera
Esquema de clasificación Dewey Decimal Classification
Suppress in OPAC
Existencias
Codigo completo Registro Colección Copia número Disponibilidad Tipo de préstamo Biblioteca Actual Procedencia (Biblioteca) Ubicacón Fecha Ingreso Tipo de Adquisición Date last seen Total checkouts Price effective from Tipo de Item Estado del Material Fuente de Clasificación Damaged status Withdrawn status
001.4234 R24 2018 1064046 Universidad Católica San Pablo 1 Disponible Disponible Víctor Andrés Belaunde Víctor Andrés Belaunde Segundo piso 03/06/2026 Compra 06/03/2026   06/03/2026 Libro Bueno Dewey Decimal Classification